Harmonizace práce a rodiny a role zaměstnavatelů? Teoretická východiska
Možné vysvetlenia postavenia zamestnávateľov v oblasti riešenia problematiky nerovnováhy pracovného a rodinného života zamestnaných rodičov s deťmi, ktoré ponúka koncept štátu/vlády a koncept spoločenskej zodpovednosti firiem.
Na minha lista:
| Autor principal: | |
|---|---|
| Formato: | Capítulo de Livro |
| Idioma: | tcheco |
| Assuntos: | |
| Tags: |
Sem tags, seja o primeiro a adicionar uma tag!
|
MARC
| LEADER | 00000naa a2200000 4500 | ||
|---|---|---|---|
| 001 | 0201622 | ||
| 005 | 20220729110631.7 | ||
| 041 | 0 | |a cze | |
| 044 | |a CZ | ||
| 245 | 1 | 0 | |a Harmonizace práce a rodiny a role zaměstnavatelů? Teoretická východiska |c Blanka Plasová |
| 520 | |a Možné vysvetlenia postavenia zamestnávateľov v oblasti riešenia problematiky nerovnováhy pracovného a rodinného života zamestnaných rodičov s deťmi, ktoré ponúka koncept štátu/vlády a koncept spoločenskej zodpovednosti firiem. | ||
| 610 | 2 | 0 | |a politika sociálna podniková |
| 610 | 2 | 0 | |a starostlivosť o pracovníkov |
| 610 | 2 | 0 | |a služby sociálne |
| 610 | 2 | 0 | |a zodpovednosť spoločenská |
| 610 | 2 | 0 | |a práca |
| 610 | 2 | 0 | |a rodina |
| 100 | 1 | |a Plasová, Blanka | |